Problems in electrical engineering with solutions (Record no. 545442)
[ view plain ]
| 000 -LEADER | |
|---|---|
| fixed length control field | 00483nam a22001337a 4500 |
| 082 ## - DEWEY DECIMAL CLASSIFICATION NUMBER | |
| Classification number | 621.3 |
| Author Mark | KUK |
| -- | L-9, P-38 |
| 100 ## - MAIN ENTRY--PERSONAL NAME | |
| Personal name | S.P. Kukde |
| 9 (RLIN) | 41296 |
| 245 ## - TITLE STATEMENT | |
| Title | Problems in electrical engineering with solutions |
| Remainder of title | Including questions from Bombay, Poona, Gujarat and other university examination papers |
| Statement of responsibility, etc. | Kukde, S.P |
| 260 ## - PUBLICATION, DISTRIBUTION, ETC. | |
| Place of publication, distribution, etc. | Poona |
| Name of publisher, distributor, etc. | Royal book stall budhawar peth. |
| 300 ## - PHYSICAL DESCRIPTION | |
| Extent | xii, 487 p. |
| Other physical details | ill. |
| 526 ## - STUDY PROGRAM INFORMATION NOTE | |
| Program name | 0 |
| Interest level | 0 |
| Reading level | 0 |
| Title point value | 621_300000000000000_KUK |
| 650 ## - SUBJECT ADDED ENTRY--TOPICAL TERM | |
| Topical term or geographic name entry element | MCE |
| 9 (RLIN) | 379 |
| 942 ## - ADDED ENTRY ELEMENTS (KOHA) | |
| Source of classification or shelving scheme | |
| Koha item type | Book |
| Withdrawn status | Lost status | Source of classification or shelving scheme | Damaged status | Not for loan | Permanent Location | Current Location | Date acquired | Total Checkouts | Full call number | Barcode | Date last seen | Price effective from | Koha item type |
|---|---|---|---|---|---|---|---|---|---|---|---|---|---|
| Military College of Engineering (MCE) | Military College of Engineering (MCE) | 05/22/2014 | 621.3 KUK | MCE-2128 | 05/22/2014 | 05/22/2014 | Book |
